LEADER 01154nam0 22003133i 450 001 SUN0130870 005 20200929103742.962 010 $a8-3-319-57519-3$d0.00 017 70$2N$a978-3-319-57520-9 100 $a20200929d2017 |0engc50 ba 101 $aeng 102 $aCH 105 $a|||| ||||| 200 1 $a*Ocular Tuberculosis$fAtul Kumar, Rohan Chawla, Namrata Sharma editors 205 $aCham : Springer, 2017 210 $axi$d136 p. ; 24 cm 215 $aPubblicazione in formato elettronico 410 1$1001SUN0110073$12001 $a*Essentials in Ophthalmology$1210 $aBerlin$cSpringer. 620 $aCH$dCham$3SUNL001889 702 1$aKumar$b, Atul$3SUNV104585 702 1$aChawla$b, Rohan$3SUNV104586 702 1$aSharma$b, Namrata$3SUNV104587 712 $aSpringer$3SUNV000178$4650 801 $aIT$bSOL$c20201005$gRICA 856 4 $uhttps://link.springer.com/book/10.1007%2F978-3-319-57520-9 912 $aSUN0130870 950 $aBIBLIOTECA CENTRO DI SERVIZIO SBA$d15CONS SBA EBOOK 6985 $e15EB 6985 20200929 996 $aOcular Tuberculosis$91757778 997 $aUNICAMPANIA LEADER 00819nam0-2200289 --450 001 9910720693703321 005 20230529163621.0 010 $a978-88-491-2831-4 100 $a20230529d2007----kmuy0itay5050 ba 101 1 $aita$cger 102 $aIT 105 $a 001yy 200 1 $aFuturo passato$eper una semantica dei tempi storici$fReinhart Koselleck 210 $aBologna$cClueb$d2007 215 $aVIII, 331 p.$d21 cm 225 1 $aPassato futuro$v3 300 $aTraduzione di Anna Marietti Solmi 610 0 $aStoria$aConcetto 676 $a901$v23$zita 700 1$aKoselleck,$bReinhart$0126804 801 0$aIT$bUNINA$gREICAT$2UNIMARC 901 $aBK 912 $a9910720693703321 952 $a901 KOSR 02$b2023/736$fFLFBC 959 $aFLFBC 996 $aFuturo passato$994578 997 $aUNINA